| 000 | 01302nam a22002057a 4500 | ||
|---|---|---|---|
| 999 |
_c60300 _d60300 |
||
| 003 | Ge_BSU | ||
| 005 | 20230627124608.0 | ||
| 008 | 230627s1994 ge ||||| |||| 00| 0 geo d | ||
| 041 | _ageo | ||
| 080 | _a902(479.22)(092) ა-84 | ||
| 245 |
_aარქეოლოგიური კრებული = Археологический сборник = A collection of Articles in Archaeology. [ტ.] 1 : _b ეძღვნება ქართველი არქეოლოგის ოთარ ჯაფარიძის დაბადების 70-ე წლისთავს / _c [შემდგ.: გია ავალიშვილი ; რედ.: ოთარ ჯაფარიძე] |
||
| 264 |
_aთბილისი : _bთბილ. უნ-ტის გამ-ბა, _c1994. |
||
| 300 |
_a186 გვ. : _b ტაბ.; _c20 სმ. |
||
| 520 | _aრეზ. ინგლ. ენ. | ||
| 653 | _aარქეოლოგიური გათხრები საქართველოში. | ||
| 653 | _aქართველი არქეოლოგები. | ||
| 700 |
_aავალიშვილი, გია _eშემდგენელი _919001 |
||
| 700 |
_aჯაფარიძე, ოთარ _eრედაქტორი _919002 |
||
| 942 |
_2udc _cBK |
||